Towers of London (Record no. 83030)

MARC details
000 -LEADER
fixed length control field 00998cab a22002055a 4500
001 - CONTROL NUMBER
control field L152619
008 - FIXED-LENGTH DATA ELEMENTS--GENERAL INFORMATION
fixed length control field 110405s2011 xxk 000 0 eng d
035 ## - SYSTEM CONTROL NUMBER
System control number (Sirsi) u152619
041 0# - LANGUAGE CODE
Language code of text/sound track or separate title eng
100 1# - MAIN ENTRY--PERSONAL NAME
Personal name Ives, Paul
245 00 - TITLE STATEMENT
Title Towers of London
260 ## - PUBLICATION, DISTRIBUTION, ETC.
Date of publication, distribution, etc. 2011
490 #0 - SERIES STATEMENT
Series statement Sustainablebuilding inc Propertyforecast
Volume/sequential designation (51) March 2011, 15(1)
520 ## - SUMMARY, ETC.
Summary, etc. An unprecedented wave of new office towers nearing completion, in the pipeline or just starting, shows London's next development cycle is underway, accounting for 500 000 sq ft of new office construction in central London. 200 medium to large City office occupiers are actively looking for space or have lease expiries due within the next four years. Table covers tenant make-up of completed office towers 2008-2011.
590 ## - LOCAL NOTE (RLIN)
Local note KA
651 #4 - SUBJECT ADDED ENTRY--GEOGRAPHIC NAME
Geographic name London
690 ## - LOCAL SUBJECT ADDED ENTRY--TOPICAL TERM (OCLC, RLIN)
Topical term or geographic name as entry element PROPERTY-COMMERCIAL PROPERTY-COMMERCIAL PROPERTY MARKET
690 ## - LOCAL SUBJECT ADDED ENTRY--TOPICAL TERM (OCLC, RLIN)
Topical term or geographic name as entry element PROPERTY-COMMERCIAL PROPERTY-COMMERCIAL PROPERTY FINANCE AND INVESTMENT
942 ## - ADDED ENTRY ELEMENTS (KOHA)
Suppress in OPAC 0
Holdings
Withdrawn status Lost status Source of classification or shelving scheme Damaged status Not for loan Home library Current library Shelving location Date acquired Total Checkouts Full call number Barcode Date last seen Copy number Price effective from Koha item type
    Dewey Decimal Classification     London London Journal article 05/04/2011   L152619 152619-1001 06/08/2019 1 06/08/2019 Journal article